Seni bina dan seni lukis

Bibliographic Details
Main Author: Iman Suffiya
Format: Book
Published: Kuala Lumpur : Penerbit Era Didik , 2006
Series:Siri warisan budaya Malaysia
Subjects:

MARC

LEADER 00000cam a2200000 7i4500
001 0000006964
005 20151222.0
008 070828
020 |a 983267168X(set) 
020 |a 9832671701 
090 0 0 |a CUS   |b MAL 
100 0 |a Iman Suffiya 
245 0 0 |a Seni bina dan seni lukis   |c Iman Suffiya 
260 |a Kuala Lumpur :   |b Penerbit Era Didik ,   |c 2006 
440 |a Siri warisan budaya Malaysia 
500 |a Children ages 10-12 years old (pink) 
650 0 |a Malay language   |x Readers   |x Architecture 
650 0 |a Malay language   |x Readers   |x Arts 
999 |a 0000986483   |b Book   |c Children Collection   |e Perbadanan Perpustakaan Awam Johor 
999 |a 0000986484   |b Book   |c Children Collection   |e Cawangan Tmn. Ungku Tun Aminah 
999 |a 0000986485   |b Book   |c Children Collection   |e Perbadanan Perpustakaan Awam Johor 
999 |a 0001058627   |b Book   |c Children Collection   |e Cawangan Kota Tinggi